Managua /
সংরক্ষণ করুন:
| সংস্থা লেখক: | , |
|---|---|
| বিন্যাস: | পাঠ্য |
| প্রকাশিত: |
Managua:
Centro de Investigaciones y Estudios para la Reforma Agraria
|
| ট্যাগগুলো: |
ট্যাগ যুক্ত করুন
কোনো ট্যাগ নেই, প্রথমজন হিসাবে ট্যাগ করুন!
|
MARC
| LEADER | 00000 a a2200000 04500 | ||
|---|---|---|---|
| 001 | 20822 | ||
| 003 | |||
| 040 | |||
| 090 | |a 089000 | ||
| 110 | |a Nicaragua. Ministerio de Desarrollo Agropecuario y Reforma Agraria. Centro de Investigaciones y Estudios para la Reforma Agraria | ||
| 245 | |a Managua / |c Nicaragua. Ministerio de Desarrollo Agropecuario y Reforma Agraria. Centro de Investigaciones y Estudios para la Reforma Agraria | ||
| 260 | |a Managua: |b Centro de Investigaciones y Estudios para la Reforma Agraria | ||
| 300 | |a 203 p.; v. 3 | ||
| 710 | |a MIDINRA | ||
| 999 | |c 1088 |d 1088 | ||
